000 00926nam a2200277Ia 4500
001 Para_8068
003 CHAP
008 220125s9999 xx 000 0 und d
010 _a206973
040 _cCHAP
082 _aPA-C 595.75 H4
100 _aBall, E.D.
_9167098
245 _aA review of the species of the genus gypona ocurring in North American North of Mexico (homoptera) /
_c by E.D. Ball
300 _a18 p.
440 _aHomoptera; 13
_9173393
500 _aSobretiro de: Ann. Ent. Soc. Am. 13 (1): 83-100, 1920. Encuadernado con otros impresos similares
650 _a
_x Hemípteros
_x colecciones de escritos
_x Cicadelidos
_9172058
710 _aAnals of the Entomological Society of America 13 (1)
_9173394
901 _aPA-C 595.75 H4
902 _aA
905 _a000000 0000000000 00
910 _a
942 _cPARA
942 _cPARA
_d1
999 _c206973
_d206973